Μπίλι Χόλιντεϊ
Saved in:
| Main Author: | |
|---|---|
| Format: | Book |
| Language: | Greek French |
| Published: |
Αθήνα :
Δημοσιογραφικός Οργανισμός Λαμπράκη,
c2009.
|
| Series: | (Βήμα βιογραφίες)
|
| Subjects: | |
| Tags: |
Add Tag
No Tags, Be the first to tag this record!
|
MARC
| LEADER | 00000nam a2200000 a 4500 | ||
|---|---|---|---|
| 001 | 1/126101 | ||
| 008 | 230206s2009####gr | ||| |||| ||gre|| | ||
| 020 | |a 9789604696598 | ||
| 040 | |a GR-MyUa |b gre |c GR-MyUa |e AACR2 | ||
| 041 | 1 | |a gre |h fre | |
| 082 | 7 | |a 927 |2 (23) | |
| 100 | 1 | |a Fol, Sylvia. | |
| 245 | 1 | 0 | |a Μπίλι Χόλιντεϊ / |c Sylvia Fol ; μετάφραση: Άννυ Καλύβα. |
| 260 | |a Αθήνα : |b Δημοσιογραφικός Οργανισμός Λαμπράκη, |c c2009. | ||
| 300 | |a 365 σ. ; |c 18 εκ. | ||
| 490 | 0 | |a (Βήμα βιογραφίες) | |
| 500 | |a Τίτλος πρωτοτύπου: Billie Holiday. | ||
| 600 | 1 | 0 | |a Holiday, Billie, |d 1915-1959 |v Biography. |
| 650 | 0 | |a Singers |z United States |x Biography. | |
| 852 | |a INST |b SYROS |e 20230206 |h 927 FOL |p 005500015462 |q 005500015462 |t BK |y 0 | ||
| 970 | |a Κοντού |b Παρασκευή |z 06/02/2023 | ||